000 01215nas a2200397 4500
001 BR2012009056
003 BR-BrBNA
005 20231205121603.0
007 ta
008 230509b bl.|||p| |||| 00| 00por d
040 _aBR-BrBNA
_bpor
_cBiblioteca Nacional de Agricultura
041 _a(Pt)
072 _aL70; L73
100 1 _aRamos, C.A.N.
100 1 _aAraújo, F.R.
100 1 _aSouza, I.I.F.
100 1 _aGuedes Júnior, D.S.
100 1 _aOliveira, R.H.M.
100 1 _aFarias, T.A.
100 1 _aOliveira, J.B.
100 1 _aAlves, L.C.
100 1 _aFaustino, M.A.G.
245 1 _aComparação entre diversos antígenos para o diagnóstico de Anaplasma marginale por ELISA
246 1 _aComparison between several antigens for diagnosis of Anaplasma marginale by ELISA
650 _aVETERINÁRIA
650 _aBOVINO
650 _aBACTÉRIA
650 _aDIAGNÓSTICO
650 _aDOENÇA ANIMAL
650 _aELISA
650 _aANAPLASMA MARGINALE
650 _aANAPLASMOSE
773 0 _tPesquisa Veterinária Brasileira (Brazil)
_xISSN 0100-736X
_g(Jan 2010), v. 30(1) p. 37-41
_wBR2012009056
909 _a202311
_bLúcia
_c55
_dLúcia Elande
942 _2AGRIS
_n0
_cANA
999 _c224254
_d224254